000 00494nam a2200181 4500
003 SEACOMMC
005 20250508124447.0
008 250324b |||||||| |||| 00| 0 eng d
020 _a 978-81-272-6186-3
_cRs.110.00
040 _aSEACOMMC
082 _a 362.1
_bG 977
100 _a Gupta, Sumedha
245 1 _aA text book of Health Care Management /
_cSumedha Gupta
250 _a 2nd rev. ed
260 _a Kolkata
_b Kalyani Publishers
_c c2008
650 _a Health Care
942 _cBOOK
999 _c1143
_d1143